Schamanismus als Problem religionswissenschaftlicher Terminologie : eine Untersuchung /

Saved in:
Bibliographic Details
Main Author: Motzki, Harald
Format: Book
Language:German
Published: Koln : E.J. Brill, 1977.
Edition:Als Ms. veroffentlicht.
Series:Arbeitsmaterialien zur Religionsgeschichte, 2
Subjects:
LEADER 01134nam a2200289 i 4500
001 c000256336
003 CARM
005 00000000000000.0
008 850711s1977 gw a b 001 0 ger d
019 1 |a 1160996  |z 41553981  |5 LACONCORD2021 
035 |a (OCoLC)3848980  |5 LACONCORD2021 
041 0 |a ger 
082 0 4 |a 291.42 
100 1 |a Motzki, Harald. 
245 1 0 |a Schamanismus als Problem religionswissenschaftlicher Terminologie :  |b eine Untersuchung /  |c von Harald Motzki. 
250 |a Als Ms. veroffentlicht. 
260 |a Koln :  |b E.J. Brill,  |c 1977. 
300 |a viii, 143 p. :  |b 5 ill. ;  |c 21 cm. 
440 0 |a Arbeitsmaterialien zur Religionsgeschichte,  |x 0341-8529 ;  |v 2 
500 |a Originally presented as the author's thesis (M.A.), Bonn, 1974. 
500 |a Limited ed. of 400 copies. 
500 |a Includes index. 
504 |a Bibliography: p. [128]-140. 
650 0 |a Shamanism. 
852 8 |b CARM  |h A2:AQ11G0  |i C08659  |p 0325738  |f BK 
999 f f |i 9ecbed9a-9e8c-5a51-8399-583fd7feab62  |s d1bd0778-8ea7-55f8-8c00-450dad983927 
952 f f |p Can circulate  |a CAVAL  |b CAVAL  |c CAVAL  |d CARM 1 Store  |e C08659  |f A2:AQ11G0  |h Other scheme  |i book  |m 0325738